=LDR 00000nam 2200000 4500 =001 INLIS000000000014984 =005 20130612110250 =008 ***********************************Ind** =035 ##$$0010-061300000014984 =041 ##$$a Ind =082 ##$$a 635.9 =090 ##$$a 635.9, Ruk b =100 ##$$a Rukmana, Rahmad =245 ##$$a Berbera, Rahmad rukmana =260 ##$$a 1995 $b Yogyakarta =300 ##$$a 35 hlm, 21 cm =650 ##$$a Berbera =850 ##$$a NBPNMAT